Šče raz pro Iľka Lypeja

Bibliographic Details
Main Author: Rešovský, Jozef, 1934-1990 (Author)
Format: Article
Language:Ukrainian
Slovak
Subjects:

MARC

LEADER 00000nab a2200000 a 4500
001 vtls000193990
003 SK-MaSNL
005 20260318121835.0
008 040806c1984 xo 0 ukr
015 |a SNBRB19rr/mm-uuuuu 
035 |a CL0204103 
040 |a SNKBUCL  |b slo  |c SNKBUCL  |e AACR2 
041 0 |a slo 
044 |a xo  |c SK 
080 |a 792.2  |2 1981 
100 1 |a Rešovský, Jozef,  |d 1934-1990  |4 aut  |9 175551 
245 1 0 |a Šče raz pro Iľka Lypeja  |c Jozef Rešovský 
600 1 7 |a Hryc-Duda, Ivan,  |d 1911-1999  |t Iľko Lypej  |2 snkbucl  |9 120429 
610 2 7 |a Ukrajinské národné divadlo v Prešove  |2 snkbucl  |9 232422 
650 0 7 |a činohry  |2 snkbucl  |9 3325 
655 7 |a recenzie  |2 snkbucl  |9 21907 
655 7 |a články z novín a časopisov  |2 snkbucl  |9 267496 
773 0 |t Družno vpered  |g Roč. 34, č. 7 (1984), s. 21 
850 |a Slovenská národná knižnica v Martine  |a MTA001 
852 |a SNK  |b KIS3GCP 
999 |c 3166136  |d 3168066